MDQL
is popping MORE tags! Check the
thread
!
Quizzes
Events
Quiz Creation
Community
Videos
Private Events
Remove Ads
Sign In
Join for FREE
Feedback
Dark Mode
Quiz Categories
Sports
Geography
Music
Movies
Television
Just For Fun
Miscellaneous
History
Literature
Language
Science
Gaming
Entertainment
Religion
Holiday
For Kids
Quiz Lab
Recent
Popular Today
Quiz Kudos Today
Editor Picks
Curator Picks
Quizzes by...
Day
Popularity
Type
Ratings
Length
Year
Community
Subscriptions
Recent Discussions
Orange Saloon
Badges
Playlists
Quests
Create
Leaderboards
Showdown
Live 5
Trivia Bingo
Activity
Puzzle Library
Sporcle Events
Private Events
Virtual Trivia
Globe League
Become a Host
Pub Owners
SporcleCon
Opinionation
Our Games
Videos
Blog
Mobile Apps
Partnerships
Remove Ads and Go Orange
Feedback
Sports
Athletes
MLB
NBA
NHL
NFL
Soccer
Sports Teams
WWE
NCAA
Football
Premier League
Basketball
Baseball
Hockey
Golf
Tennis
Cricket
Rugby
Auto Racing
Olympics
World Cup
Sports
Athletes
MLB
NBA
NHL
NFL
Soccer
Sports Teams
WWE
NCAA
Football
Premier League
Basketball
Baseball
Hockey
Golf
Tennis
Cricket
Rugby
Auto Racing
Olympics
World Cup
Random Quiz
Search Sporcle
×
Quiz Lab
Quiz Lab
Sports
NHL
Type in answers that appear in a list
Type in answers that appear in a list
Classic
Best Score? Go Orange.
NHL Goal Scorers Stats
Can you name the 104 top NHL goal scoring performances in a single season?
By
admiral_ackbar
10m
104 Questions
282 Plays
282 Plays
282 Plays
Comments
Comments
Give Quiz Kudos
Give Quiz Kudos
-
- Ratings
hide this ad
Replay
Link that replays current quiz
Next Quiz
Link to next quiz in quiz playlist
You Got
0%
They Got
Avg Score
75%
Avg Friend Score
Upgrade to see
Score Distribution
Jump to the score distribution portion of the page
Score
0/104
Timer
10:00
0
Plays Today
Number of Goals
Player
% Correct
92
Wayne Gretzky
99.3%
87
Wayne Gretzky
99.3%
73
Wayne Gretzky
99.3%
71
Wayne Gretzky
99.3%
62
Wayne Gretzky
99.3%
55
Wayne Gretzky
99.3%
54
Wayne Gretzky
98.9%
85
Mario Lemieux
97.9%
70
Mario Lemieux
97.9%
69
Mario Lemieux
97.9%
69
Mario Lemieux
97.9%
54
Mario Lemieux
97.9%
65
Alex Ovechkin
95.4%
56
Alex Ovechkin
95.4%
86
Brett Hull
95%
76
Teemu Selanne
95%
72
Brett Hull
95%
70
Brett Hull
95%
58
Bobby Hull
95%
57
Brett Hull
95%
54
Brett Hull
95%
54
Bobby Hull
95%
65
Steve Yzerman
93.6%
62
Steve Yzerman
93.6%
58
Steve Yzerman
93.6%
71
Jari Kurri
93.3%
68
Jari Kurri
93.3%
54
Jari Kurri
93.3%
76
Phil Esposito
92.2%
68
Phil Esposito
92.2%
66
Phil Esposito
92.2%
61
Phil Esposito
92.2%
55
Phil Esposito
92.2%
69
Mike Bossy
91.8%
68
Mike Bossy
91.8%
Number of Goals
Player
% Correct
64
Mike Bossy
91.8%
61
Mike Bossy
91.8%
60
Mike Bossy
91.8%
58
Mike Bossy
91.8%
53
Mike Bossy
91.8%
62
Jaromir Jagr
90.4%
54
Jaromir Jagr
90.4%
76
Alexander Mogilny
87.9%
55
Alexander Mogilny
87.9%
60
Guy LaFleur
87.2%
56
Guy LaFleur
87.2%
56
Guy LaFleur
87.2%
53
Guy LaFleur
87.2%
60
Pavel Bure
86.5%
60
Pavel Bure
86.5%
59
Pavel Bure
86.5%
58
Pavel Bure
86.5%
59
Marcel Dionne
83.7%
58
Marcel Dionne
83.7%
56
Marcel Dionne
83.7%
53
Marcel Dionne
83.7%
53
Marcel Dionne
83.7%
70
Bernie Nicholls
79.8%
63
Luc Robitaille
79.8%
53
Luc Robitaille
79.8%
54
Joe Sakic
79.4%
54
Pat LaFontaine
73.4%
53
Pat LaFontaine
73.4%
54
Glenn Anderson
72.3%
54
Glenn Anderson
72.3%
55
Kevin Stevens
66.7%
54
Kevin Stevens
66.7%
53
Dale Hawerchuk
66%
66
Lanny McDonald
65.6%
60
Steve Shutt
65.2%
Number of Goals
Player
% Correct
58
Pierre Turgeon
65.2%
57
Michel Goulet
64.2%
56
Michel Goulet
64.2%
55
Michel Goulet
64.2%
53
Michel Goulet
64.2%
60
Dennis Maruk
63.1%
56
Jonathan Cheechoo
63.1%
54
Dave Andreychuk
63.1%
53
Dave Andreychuk
63.1%
53
Jeremy Roenick
62.1%
61
Reggie Leach
60.3%
55
Cam Neely
59.6%
53
Mark Recchi
59.6%
55
Dino Ciccarelli
57.4%
58
Tim Kerr
54.6%
58
Tim Kerr
54.6%
54
Tim Kerr
54.6%
54
Tim Kerr
54.6%
55
Brian Bellows
49.6%
56
Charlie Simmer
48.6%
56
Charlie Simmer
48.6%
54
Rick Vaive
48.6%
55
Jimmy Carson
44%
56
Blaine Stoughton
39.4%
53
Gary Roberts
37.2%
55
John Ogrodnick
36.5%
56
Danny Gare
35.8%
53
Pierre Larouche
33%
56
Craig Simpson
31.6%
54
Al Secord
26.2%
55
Rick Kehoe
25.2%
54
Wayne Babych
21.3%
56
Sergei Federov
20.2%
53
Bob Carpenter
19.9%
Quiz Playlist
Details
Report
Send in Message
Add To Playlist
Classic:
Type in answers that appear in a list
Quiz Source
Last Updated: Feb 16, 2017
Quiz Scoreboard
CHALLENGE
Sign Up to Join the Scoreboard
Show All
Scores
Hide
Comments
May contain spoilers
Recently Published
1-10 Letter E Words III
by El_Dandy
Language
2m
Street Fighter Characters
by Artimus82
Gaming
60s
College Basketball Coaching Resumes
by pancakes188
Sports
9m
More to Explore
Quiz From the Vault
Featured Blog Post
Where Did the Easter Bunny Come From?
hide this ad
You Might Also Like...
Tags
NHL Quiz
Numbers Quiz
goal
Performance
Player
Scorer
Scoring
season
Single
Today's Top Quizzes in Sports
Browse Sports
hide this ad
Today's Top Quizzes in NHL
Browse NHL
Top Contributed Quizzes in Sports
1
2022 World Cup Stars
2
Les meilleurs buteurs des matchs entre le PSG et l’OM
3
FIFA Club World Cup Champions
4
Les entraîneurs de l'OM et du PSG au 21e siècle
5
Criteria MLB: Left Handed Sluggers
6
2023 MLB Unique Player Accomplishments
7
AFC Teams Reveal (Wrong Answers Minefield)
8
Players with Multiple 50 Home Run Seasons
9
5-to-1: FBS Animal Nicknames
10
5-to-1: UK Sports Teams
Explore More
Trending Topics
Anime
Harry Potter
Crossword
Kpop
Marvel
Disney
NBA
Song
Pokémon
The Office
Puzzle
NFL
Country
WWE
Soccer
hide this ad
More By:
admiral_ackbar
Quiz
Plays
Rating
Category
Featured
Created
Pittsburgh Pirates Home Run Leaders
310
Sports
Oct 5, 2010
NHL Goal Scorers
282
5.00
Sports
Oct 10, 2010
Players to play for the Pirates in 2010
256
5.00
Sports
Oct 6, 2010
Penn State players in NFL
244
Sports
Oct 11, 2010
2010 Pittsburgh Steelers
216
3.50
Sports
Oct 5, 2010
Go to Creator's Profile
Score Distribution
Quiz Creator Spotlight
admiral_ackbar
Follow
Send a Message
Quizzes Created
-
Created Quiz Play Count
-
More By This Creator
Popular Quizzes Today
1
Find the US States - No Outlines Minefield
2
Find the Countries of Europe - No Outlines Minefield
3
The Countries of the World
4
Find the US States
5
Risky Map Clicking: Biggest States A-Z
6
US States
7
Popular People in 1961
8
Movies - When Are They Set?
More Sports Quizzes
My Home Race: French GP
Quiz Lab
Trending Quizzes
Risky Map Clicking: Least Populous States A-Z
Billboard Blitz: Aretha Franklin
Famous Russians: Author or Composer?
1-10 Letter G Words
Countries of the World: 200 Million BC
Recently Updated
Leaping Animals
pecheneg
Reality TV Shows (A-Z)
bhenderson79
Rickey Henderson's Hall of Fame Teammates
pecheneg
Champions League XIs: Arsenal
pecheneg
Quick Pick: Celebrities in WWE's Hall of Fame
aduchscher
A-Z Keypad Blitz II
pecheneg
Multiple Oscar Actors
pecheneg
Mystery Phrase Blitz: Oscar 'Best Actors'
pecheneg
F. Scott Fitzgerald Novels
LTH
Pick 3 Villains
ddd62291
Trending Topics
NBA
Anime
Disney
Crossword
Kpop
Harry Potter
Marvel
Song
Country
The Office
WWE
Puzzle
NFL
Soccer
Pokémon
Your Account Isn't Verified!
In order to create a playlist on Sporcle, you need to verify the email address you used during registration. Go to your
Sporcle Settings
to finish the process.
Report this User
Report this user for behavior that violates our
Community Guidelines
.
Details:
Send Report
Go to the Sporcle.com Mobile Site →
Comments